000 00430nam a2200181Ia 4500
001 411
005 20260306140516.0
008 260306t2008||||xx |||||||||||||| ||spa||
041 _aESP
082 _a111
_bH36
100 _aHeidegger, Martin
_eAUT
245 0 _aEl concepto del tiempo :
_b(Tratado de 1924)
260 _c2008
300 _a142 páginas :
_c22 cm.
650 _aGEN
654 _aCHU
942 _cLIB
_dJUS
_fJUS
_2ddc
_n
999 _c411
_d411